00369nam a2200133 a 4500020001800000082001900018100001400037245005200051260005000103300000800153500003500161650002500196700001400221 a0521615348 00a305.80954bLAL aLal, Ruby aDomesticity and Power in the Early Mughal World aCambridge bCambridge University Press c2005 a241 aincludes index and biblioraphy aMughal India-Society1 aLal, Rubr